La técnica teatral de Bertolt Brecht
Αποθηκεύτηκε σε:
| Κύριος συγγραφέας: | |
|---|---|
| Μορφή: | Βιβλίο |
| Γλώσσα: | Ισπανικά |
| Έκδοση: |
Barcelona
Oikos-Tau
1968
|
| Έκδοση: | 2a. ed |
| Σειρά: | Colección Libros Tau
|
| Θέματα: | |
| Ετικέτες: |
Προσθήκη ετικέτας
Δεν υπάρχουν, Καταχωρήστε ετικέτα πρώτοι!
|
MARC
| LEADER | 00000cam a2200000 a 4500 | ||
|---|---|---|---|
| 001 | UCF6669 | ||
| 003 | CL-VaPUC | ||
| 008 | 130516e19680000SP |||||||||||||||||spa|d | ||
| 082 | 0 | 4 | |a 832.09 |b DES |2 21 |
| 100 | 0 | |a Desuché, Jacques |e author |9 568693 | |
| 245 | 1 | 3 | |a La técnica teatral de Bertolt Brecht |
| 250 | |a 2a. ed | ||
| 300 | |a 144 p | ||
| 942 | |c BK | ||
| 945 | |d 20130516 00:00:00 |a cmena | ||
| 260 | |a Barcelona |b Oikos-Tau |c 1968 | ||
| 600 | 0 | 7 | |a BRECHT, BERTOLT |2 CL-VaPUC |9 311649 |
| 650 | 0 | |a Teatro alemán |9 265742 | |
| 650 | 0 | |a Crítica e interpretación |9 255042 | |
| 583 | |a last modification |c 20130516 09:57:00 |k Rodrigo Vera | ||
| 490 | 0 | |a Colección Libros Tau | |
| 999 | |c 351808 |d 351806 | ||
| 952 | |0 0 |1 0 |4 0 |6 832_090000000000000_DES_1968 |7 0 |8 A |9 456149 |a BIBEDU |b BIBEDU |d 2019-11-22 |i 4957571 |o 832.09 DES 1968 |p 4957571 |r 2019-11-22 |w 2019-11-22 |y BK |k LIT | ||